Fußballer nach Bildern #4 Legenden - Statistiken

Allgemein
  • Dieses Quiz wurde 2.426 mal gespielt
  • Das Durchschnittsergebnis liegt bei 12 aus 16
Antwortstatistiken
Bildquiz Antwort % Korrekt
Ronaldo Luís Nazário de Lima
96%
Zinédine Zidane
88%
Johan Cruyff
87%
Gerd Müller
85%
Lothar Matthäus
85%
Paolo Maldini
81%
Ruud Gullit
79%
George Best
78%
Franz Beckenbauer
73%
Lew Iwanowitsch Jaschin
72%
Éric Cantona
70%
Ferenc Puskás
67%
Raúl González Blanco
64%
Jay-Jay Okocha
59%
Alessandro Del Piero
50%
Carlos Alberto
50%
Keine übereinstimmenden Quizze gefunden
Verteilung der Resultate
Anzahl Personen mit jedem Resultat
Perzentil nach korrekt beantworteten Fragen
Ihre Resultats-Entwicklung
Sie haben dieses Quiz noch nicht gespielt